| 000 | 00499nam a22001697a 4500 | ||
|---|---|---|---|
| 005 | 20251108164126.0 | ||
| 008 | 250721s1999 xx 000 0 ara d | ||
| 082 | 1 | 4 | _a213/ترم |
| 100 | 1 | _aالترمذي، أبو عيسى محمد بن عيسى | |
| 245 | 1 | 0 | _aالشمائل المحمدية / |
| 264 | 1 |
_aبيروت : _bدار ابن حزم، _c1999. |
|
| 300 | _a167ص | ||
| 650 | 1 | 7 | _aالحديث الشريف |
| 650 | 1 | 7 | _aالسيرة النبوية |
| 942 |
_2ddc _cBK |
||
| 999 |
_c4255 _d4255 |
||